00333nam a2200121Ia 4500008004100000041000800041082001700049100002100066245004500087260003700132300003100169365001100200240624s9999 xx 000 0 und d aeng a338.4791 MCL aMCLNTYRE CHARLES aTOURISM AND RETAIL THE PSYCHOGEOGRAPHY O c2014aNew DelhibRoutledge India axiv, : 204 : p. : cm. ; 24 cRSb31